| 000 | 00549nam a2200193 a 4500 | ||
|---|---|---|---|
| 005 | 20140310183255.0 | ||
| 008 | 041026s19uu xx 00 eng d | ||
| 020 | _a0324261055 | ||
| 050 |
_aQA 76.9.M65 _b.H35 2005 |
||
| 100 | _aHalbert, Terry | ||
| 245 |
_aCyberethics. / _cTerry Halbert |
||
| 260 |
_aAustralia : _bThomson, _c2005. |
||
| 300 |
_a276 p. : _c24 cm. |
||
| 650 |
_aComputers _xMoral and ethical aspects. |
||
| 650 |
_aInternet _xMoral and ethical aspects. |
||
| 700 | _aIngulli, Elaine | ||
| 942 |
_cBK _2lcc _kFOR |
||
| 999 |
_c20844 _d20844 |
||